AU LIBRARIES
Centralized Library System Across Seven Campuses

Supply Chain Management: (Record no. 47544)

MARC details
000 -LEADER
fixed length control field 00562nam a22001817a 4500
005 - DATE AND TIME OF LATEST TRANSACTION
control field 20260507111612.0
008 - FIXED-LENGTH DATA ELEMENTS--GENERAL INFORMATION
fixed length control field 260507b |||||||| |||| 00| 0 eng d
020 ## - INTERNATIONAL STANDARD BOOK NUMBER
ISBN 978-1-305-85997-5
082 ## - DEWEY DECIMAL CLASSIFICATION NUMBER
Classification number 658.7
Author Mark COY-S
100 ## - MAIN ENTRY--AUTHOR
Author Name Coyle, C. John J.
-- John Langley, Jr.
-- Robert A. Novack
-- Brian J. Gibson
245 ## - TITLE STATEMENT
Title Supply Chain Management:
Sub-Title A Logistics Perspective
250 ## - EDITION STATEMENT
Edition statement 10th Ed
260 ## - PUBLICATION, DISTRIBUTION, ETC.
Place of Publication Center StreetBoston, USA
Name of publisher, distributor, etc. Cengage Learning
Date of publication, distribution, etc. 2017
300 ## - PHYSICAL DESCRIPTION
Pages 670 p.
500 ## - GENERAL NOTE
General note Includes index.
650 ## - SUBJECT ADDED ENTRY--TOPICAL TERM
Subject / Department Management of Operations
942 ## - ADDED ENTRY ELEMENTS (KOHA)
Koha item type Book
Holdings
Withdrawn status Lost status Damaged status Not for loan Collection code Permanent Location Current Location Shelving Location Date acquired Source of acquisition Price Inventory number Total Checkouts Full Call Number Accession No./Barcode Date last seen Koha item type
        Management Science Air University Kharian Campus Library Air University Kharian Campus Library Management Science 04/09/2026 Ali Book Services 3652.00 KA/10221   658.7 COY-S AUKHP0663 05/07/2026 Book
Air University Sector E-9, Islamabad Pakistan
Email: librarian@au.edu.pk  Tel : +0092 51 9262612 Ext: 631